000 01343cam a22003737a 4500
003 CHAP
005 20220329133149.0
008 971013s1991 r 00010 d
010 _a2879
011 _a3851
035 _a3052
040 _cCHAP
090 _aTesis
100 0 0 _aEchavarría Cháirez, Francisco Guadalupe.
_935047
245 0 _aComparación entre tecnologías para la producción de maíz a escala comercial en la región del Plan Puebla
260 _aMontecillo, Méx. :
_bEl autor,
_c1991
300 _a135 h.
_b: apénd.
502 _aTesis (M.C. Esp. en Edafología) -- C.P. Centro de Edafología
590 _aALEPH
_b10
_c20130110
_lUCH01
_h1214
590 _aBATCH-UPD
_b10
_c20130110
_lUCH01
_h1230
590 _aBATCH-UPD
_b10
_c20130410
_lUCH01
_h0800
590 _aBATCH-UPD
_b10
_c20130914
_lUCH01
_h1226
590 _aCONVERSION
_b10
_c20130109
_lUCH01
_h1303
650 1 4 _aAgricultura
_xInnovaciones tecnológicas.
_91565
650 1 4 _aMaíz
_xMercadeo.
_971007
650 1 4 _aMaíz
_xRendimiento.
_971051
650 1 4 _aMaíz
_xSubproductos.
_971064
650 1 4 _aPlan Puebla.
_988678
710 0 _aColegio de Postgraduados. Chapingo, Méx. Centro de Edafología.
_925074
901 _aBK
942 _cFOLL
949 _bBC
_cTES
_d-12560
_eTS1
_h24635
_i3052
_si
949 _bBC
_cTES
_d-74860
_eTS2
_fc.2
_h24636
_i3052
_si
999 _c2879
_d2879